All Soccer (Football) Host Countries - Statistics

General Stats
  • This quiz has been taken 9,753 times
  • The average score is 45 of 52
Answer Stats
Tournament Years Country % Correct
FIFA Men's 1950, 2014 Brazil
99%
Copa América 1919, 1922, 1949, 1989, 2019 Brazil
99%
FIFA Men's 1938, 1998 France
98%
UEFA Euro 2019 France
98%
UEFA Euro 1960, 1984, 2016 France
98%
FIFA Men's 1978 Argentina
97%
Copa América 1916, 1921, 1925, 1929, 1937, 1946, 1959, 1987, 2011 Argentina
97%
FIFA Men's 2006 Germany
97%
FIFA Women's 2011 Germany
97%
FIFA Men's 2018 Russia
97%
FIFA Men's 1930 Uruguay
97%
Copa América 1917, 1923, 1924, 1942, 1956, 1967, 1995 Uruguay
97%
FIFA Men's 1994 United States
96%
FIFA Women's 1999, 2003 United States
96%
Copa América 2016 United States
96%
FIFA Men's 1934, 1990 Italy
95%
UEFA Euro 1968, 1980 Italy
95%
FIFA Men's 2022 Qatar
94%
FIFA Men's 1982 Spain
94%
UEFA Euro 1964 Spain
94%
FIFA Men's 2002 Japan
93%
FIFA Men's 1970, 1986 Mexico
93%
FIFA Men's 1962 Chile
92%
Copa América 1920, 1926, 1941, 1945, 1955, 1991, 2015 Chile
92%
FIFA Men's 1966 England
92%
UEFA Euro 1996 England
92%
FIFA Men's 2010 South Africa
92%
UEFA Euro 2004 Portugal
90%
FIFA Men's 2002 South Korea
90%
Copa América 2001 Colombia
88%
FIFA Men's 1958 Sweden
86%
FIFA Women's 1995 Sweden
86%
UEFA Euro 1992 Sweden
86%
UEFA Euro 2000 Netherlands
84%
UEFA Euro 2012 Poland
84%
Copa América 1927, 1935, 1939, 1953, 1957, 2004 Peru
83%
Copa América 1999 Paraguay
82%
FIFA Men's 1954 Switzerland
82%
UEFA Euro 2008 Switzerland
82%
UEFA Euro 1972 Belgium
81%
UEFA Euro 2000 Belgium
81%
FIFA Women's 2015 Canada
81%
Copa América 1963, 1997 Bolivia
79%
Copa América 2007 Venezuela
79%
UEFA Euro 2008 Austria
78%
UEFA Euro 2012 Ukraine
78%
Copa América 1947, 1959, 1993, 2023 Ecuador
77%
FIFA Women's 1991 China
69%
FIFA Women's 2007 China
69%
UEFA Euro 1976 Yugoslavia
54%
FIFA Men's 1974 West Germany
50%
UEFA Euro 1988 West Germany
50%
No matching quizzes found
Score Distribution
Percent of People with Each Score
Percentile by Number Answered
Your Score History
You have not taken this quiz